• 首页
  • 本馆介绍
  • 公告通知
  • 最新文献
  • 馆藏检索
  • 电子资源
  • 读者导购
  • 参考咨询
  • 我的图书馆
  • 登录
  • 详细信息显示
  • 放入我的书架
  • 预约/预借图书
  • 作者相关作品
  • 分类相关作品
  • 丛书相关作品
  • 出版社相关作品

书目信息

  • 表格格式
  • 工作单格式
  • 卡片格式
题名:
临床耳鼻咽喉科学新进展
    
 
作者: 佟勇 , 王绪增 , 李军政 主编
分册:  
出版信息: 汕头   汕头大学出版社  2020
页数: 165页
开本: 25cm
丛书名:
单 册:
中图分类: R76
科图分类:
主题词: 耳鼻咽喉科学
电子资源:
ISBN: 978-7-5658-4023-4
000 00979nam0 2200253 450
001 2363309619
005 20231119173531.76
010    @a978-7-5658-4023-4@b精装@dCNY88.00
100    @a20210906e20212020em y0chiy50 ea
101 0  @achi
102    @aCN@b440000
105    @aa z 000yy
200 1  @a临床耳鼻咽喉科学新进展@9lin chuang er bi yan hou ke xue xin jin zhan@f佟勇等主编
210    @a汕头@c汕头大学出版社@d2020@h20211印
215    @a165页@c图@d25cm
314    @a本书主编:佟勇,王绪增,李军政,陈娜,韦新法等
330    @a本书介绍了耳鼻咽喉的常规检查、特殊检查、常用影像学检查、常见症状、科学发展等基础内容,以及先天性外耳畸形、外耳疾病,鼻的先天疾病、鼻外伤及相关疾病,咽炎、扁桃体炎,喉的先天疾病、喉外伤、喉感染性疾病、食管异物等临床疾病的诊治。
606 0  @a耳鼻咽喉科学
690    @aR76@v5
701  0 @a佟勇@9tong yong@4主编
701  0 @a王绪增@9wang xu zeng@4主编
701  0 @a李军政@9li jun zheng@4主编
801  0 @aCN@b91MARC@c20211015
905    @aBZT@dR76@e17
    
    临床耳鼻咽喉科学新进展/佟勇等主编.-汕头:汕头大学出版社,2020(20211印)
    165页:图;25cm
    
    
    ISBN 978-7-5658-4023-4(精装):CNY88.00
    本书介绍了耳鼻咽喉的常规检查、特殊检查、常用影像学检查、常见症状、科学发展等基础内容,以及先天性外耳畸形、外耳疾病,鼻的先天疾病、鼻外伤及相关疾病,咽炎、扁桃体炎,喉的先天疾病、喉外伤、喉感染性疾病、食管异物等临床疾病的诊治。
●
相关链接 在五车中查询图书 在当当中查询图书 在豆瓣中查询图书


正题名:临床耳鼻咽喉科学新进展     索取号:R76/17         预约/预借

序号 登录号 条形码 馆藏地/架位号 状态 备注
1 2000984682   2000984682   中教第一批/山东中教(第一批)/369/ [索取号:R76/17] 在馆    
2 2000984683   2000984683   中教第一批/山东中教(第一批)/369/ [索取号:R76/17] 在馆    
3 2000984684   2000984684   中教第一批/山东中教(第一批)/369/ [索取号:R76/17] 在馆    
4 2000984685   2000984685   中教第一批/山东中教(第一批)/369/ [索取号:R76/17] 在馆    
5 2000984686   2000984686   中教第一批/山东中教(第一批)/369/ [索取号:R76/17] 在馆    
6 2000984687   2000984687   中教第一批/山东中教(第一批)/369/ [索取号:R76/17] 在馆    
山东省滨州职业学院图书馆 欢迎您!
大连网信软件有限公司© 版权所有